000 00550nam a2200217Ia 4500
003 0100
008 130303s9999 xx 000 0 und d
020 _a0674031695
040 _cARRUPELIB
050 _aBX830I962.A8O46
100 _aO'Malley, John W.
245 _aWhat happened at Vatican II
260 _aCambridge
260 _bThe Belknap Press
260 _C2008
300 _a380p.
300 _b 25cm.
650 _bStandard Bank of South Africa -History
650 _cBanks and Banking-South Africa-History
942 _2lcc
_010
999 _c66252
_d66252